La vendedora de claveles / (Registro nro. 3468)
[ vista simple ]
| 000 -LEADER | |
|---|---|
| fixed length control field | 00896nam a2200229Ia 4500 |
| 003 - CONTROL NUMBER IDENTIFIER | |
| control field | OSt |
| 005 - DATE AND TIME OF LATEST TRANSACTION | |
| control field | 20250710103719.0 |
| 008 - FIXED-LENGTH DATA ELEMENTS--GENERAL INFORMATION | |
| fixed length control field | 191128t2001 ck a b 000 f spa d |
| 020 ## - INTERNATIONAL STANDARD BOOK NUMBER | |
| International Standard Book Number | 9586155900 |
| 040 ## - CATALOGING SOURCE | |
| Original cataloging agency | CO-JMCR |
| Transcribing agency | CO-JMCR |
| 041 ## - LANGUAGE CODE | |
| Language code of text/sound track or separate title | spa |
| 082 04 - DEWEY DECIMAL CLASSIFICATION NUMBER | |
| Classification number | J-N |
| Item number | FLOv |
| 100 1# - MAIN ENTRY--PERSONAL NAME | |
| Personal name | Flórez Brum, Andrés, |
| Relator term | autor |
| 9 (RLIN) | 6986 |
| 245 13 - TITLE STATEMENT | |
| Title | La vendedora de claveles / |
| Statement of responsibility, etc. | Andrés Elías Flóres Brum |
| 250 ## - EDITION STATEMENT | |
| Edition statement | Décima edición |
| 260 ## - PUBLICATION, DISTRIBUTION, ETC. | |
| Place of publication, distribution, etc. | Bogotá : |
| Name of publisher, distributor, etc. | Educar, |
| Date of publication, distribution, etc. | ©2001 |
| 300 ## - PHYSICAL DESCRIPTION | |
| Extent | 86 páginas : |
| Other physical details | ilustraciones en color ; |
| Dimensions | 20 cm. |
| 490 1# - SERIES STATEMENT | |
| Series statement | El duende verde |
| 520 ## - SUMMARY, ETC. | |
| Summary, etc. | Cuenta la historia de dos hombres y tres mujeres que acompañados de su mamá venden claveles en las avenidas de una ciudad aprovechando el pare de los carros en los semaforos. Un buen día uno de los señores que manejaba el carro dio a guardar su perro con |
| 650 14 - SUBJECT ADDED ENTRY--TOPICAL TERM | |
| Topical term or geographic name entry element | Novela Infantil |
| 9 (RLIN) | 1227 |
| 942 ## - ADDED ENTRY ELEMENTS (KOHA) | |
| Source of classification or shelving scheme | Dewey Decimal Classification |
| Koha item type | Books |
| Withdrawn status | Lost status | Source of classification or shelving scheme | Damaged status | Not for loan | Collection code | Home library | Current library | Date acquired | Source of acquisition | Coded location qualifier | Total Checkouts | Total Renewals | Full call number | Barcode | Date last seen | Date last checked out | Copy number | Koha item type |
|---|---|---|---|---|---|---|---|---|---|---|---|---|---|---|---|---|---|---|
| Dewey Decimal Classification | Fiction | Biblioteca Pública José María del Castillo y Rada | Biblioteca Pública José María del Castillo y Rada | 11/28/2019 | Donación | $0 | 1 | 2 | J-N FLOv | 201807320 | 04/21/2023 | 03/23/2023 | Ej.1 | Books |